Score 0/10 Timer 10:00
2 Plays Today
Question Answer Wrong Answers
Quel entraîneur a remporté trois trophées Camil Gélinas depuis 2010 ? Luciano Basile
72.6%
Fabrice Lhenry
17.7%
Stéphane Barin
3.4%
Edo Terglav
6.3%
Quel club a été sacré champion de France à l'issue de la saison 2013-2014 ? Briançon
53.1%
Angers
2.7%
Gap
21.4%
Rouen
22.7%
À combien s'élève l'affluence totale de la saison régulière 2019-2020 de Synerglace Ligue Magnus ? 426 941 spectateurs
50.6%
312 641 spectateurs
10.2%
350 441 spectateurs
24.9%
506 841 spectateurs
14.1%
Qui a été le premier buteur de la saison 2019-2020 ? Jérémie Romand
49.9%
Florian Sabatier
21.1%
Fabien Métais
13.5%
Mathieu André
15%
Quel trophée récompense le meilleur gardien de la saison régulière ? Trophée Jean Ferrand
44.5%
Trophée Damien Velay
7.4%
Trophée Albert Hassler
21.3%
Trophée Jean-Pierre Graff
26%
En quelle saison a été créée la Coupe Magnus ? 1985-1986
40.9%
1965-1966
8.4%
1975-1976
15.7%
1995-1996
34.4%
De par ces différents clubs, la ville de Paris a enregistré 18 titres de Champion de France. De quand date le dernier ? 1989
37.2%
1979
21.7%
1983
24.5%
1993
15.9%
Un seul joueur a inscrit un quadruplé cette saison. De qui s'agit-il ? Samuel Salonen
31.7%
Rolands Vigners
22.6%
Alex Aleardi
29.8%
Joël Champagne
15.6%
Depuis la mise en place de l'appellation Ligue Magnus (en 2004), combien de clubs ont participé à la compétition ? 25
28.9%
21
20.7%
24
24.2%
28
25.5%
Qui a remporté le Trophée Calixte Pianfetti, récompensant le meilleur arbitre, cette saison ? Thomas Caillot
23.8%
Pierre Dehaen
26.7%
Nicolas Constantineau
19.1%
Geoffrey Barcelo
29.9%
Remove Ads.
Support Sporcle.
Get the best of Sporcle when you Go Orange. This ad-free experience offers more features, more stats, and more fun while also helping to support Sporcle. Thank you for becoming a member.

You're not logged in!

Compare scores with friends on all Sporcle quizzes.
OR
Log In

Sporcle TV

Today on Sporcle TV


Watch our educational content, quiz creation guides, and fun videos on Sporcle TV.

Show Comments

Extras

Top Quizzes Today


Score Distribution

Paid Content

Your Account Isn't Verified!

In order to create a playlist on Sporcle, you need to verify the email address you used during registration. Go to your Sporcle Settings to finish the process.

Report this User

Report this user for behavior that violates our Community Guidelines.

Details: